Pricksongs & descants : (Record no. 200468089)
[ view plain ]
| 000 -LEADER | |
|---|---|
| fixed length control field | 01337cam a2200373 i 4500 |
| 001 - CONTROL NUMBER | |
| control field | 200468089 |
| 003 - CONTROL NUMBER IDENTIFIER | |
| control field | TR-AnTOB |
| 005 - DATE AND TIME OF LATEST TRANSACTION | |
| control field | 20260413165324.0 |
| 007 - PHYSICAL DESCRIPTION FIXED FIELD--GENERAL INFORMATION | |
| fixed length control field | ta |
| 008 - FIXED-LENGTH DATA ELEMENTS--GENERAL INFORMATION | |
| fixed length control field | 260413r19701969nyu 000 1 eng |
| 010 ## - LIBRARY OF CONGRESS CONTROL NUMBER | |
| LC control number | 99051707 |
| 035 ## - SYSTEM CONTROL NUMBER | |
| System control number | 11802916 |
| System control number | (TR-AnTOB)200468089 |
| 040 ## - CATALOGING SOURCE | |
| Original cataloging agency | DLC |
| Language of cataloging | eng |
| Description conventions | rda |
| Transcribing agency | DLC |
| Modifying agency | DLC |
| -- | TR-AnTOB |
| 041 0# - LANGUAGE CODE | |
| Language code of text/sound track or separate title | İngilizce |
| 050 04 - LIBRARY OF CONGRESS CALL NUMBER | |
| Classification number | PS3553.O633 |
| Item number | P7 1970 |
| 090 ## - LOCALLY ASSIGNED LC-TYPE CALL NUMBER (OCLC); LOCAL CALL NUMBER (RLIN) | |
| Classification number (OCLC) (R) ; Classification number, CALL (RLIN) (NR) | PS3553.O633 |
| Local cutter number (OCLC) ; Book number/undivided call number, CALL (RLIN) | P7 1970 |
| 100 1# - MAIN ENTRY--PERSONAL NAME | |
| Personal name | Coover, Robert |
| Relator term | author |
| Relator code | aut |
| 9 (RLIN) | 153582 |
| 245 10 - TITLE STATEMENT | |
| Title | Pricksongs & descants : |
| Remainder of title | fictions / |
| Statement of responsibility, etc. | by Robert Coover. |
| 246 13 - VARYING FORM OF TITLE | |
| Title proper/short title | Pricksongs and descants |
| 264 #1 - PRODUCTION, PUBLICATION, DISTRIBUTION, MANUFACTURE, AND COPYRIGHT NOTICE | |
| Place of production, publication, distribution, manufacture | New York : |
| Name of producer, publisher, distributor, manufacturer | New American Library, |
| Date of production, publication, distribution, manufacture, or copyright notice | 1970. |
| 300 ## - PHYSICAL DESCRIPTION | |
| Extent | 256 pages ; |
| Dimensions | 21 cm |
| 336 ## - CONTENT TYPE | |
| Content type term | text |
| Content type code | txt |
| Source | rdacontent |
| 337 ## - MEDIA TYPE | |
| Media type term | unmediated |
| Media type code | n |
| Source | rdamedia |
| 338 ## - CARRIER TYPE | |
| Carrier type term | volume |
| Carrier type code | nc |
| Source | rdacarrier |
| 500 ## - GENERAL NOTE | |
| General note | "A Plume Book" |
| 505 0# - FORMATTED CONTENTS NOTE | |
| Formatted contents note | The door -- The magic poker -- Morris in chains -- The gingerbread house -- Seven exemplary fictions -- The elevator -- Romance of the thin man and the fat lady -- Quenby and Ola, Swede and Carl -- The sentient lens -- A pedestrian accident -- The babysitter -- The hat act. |
| 650 #0 - SUBJECT ADDED ENTRY--TOPICAL TERM | |
| Topical term or geographic name entry element | Manners and customs |
| Form subdivision | Fiction |
| 9 (RLIN) | 5484 |
| 655 #7 - INDEX TERM--GENRE/FORM | |
| Genre/form data or focus term | Fiction |
| Source of term | lcgft |
| 9 (RLIN) | 151487 |
| Genre/form data or focus term | Novels |
| Source of term | lcgft |
| 9 (RLIN) | 153321 |
| 942 ## - ADDED ENTRY ELEMENTS (KOHA) | |
| Source of classification or shelving scheme | Library of Congress Classification |
| Koha item type | Book |
| Withdrawn status | Lost status | Source of classification or shelving scheme | Not for loan | Collection code | Home library | Current library | Shelving location | Date acquired | Source of acquisition | Inventory number | Total Checkouts | Full call number | Date last seen | Copy number | Date shelved | Koha item type | Public note |
|---|---|---|---|---|---|---|---|---|---|---|---|---|---|---|---|---|---|
| Library of Congress Classification | Ödünç Verilemez-Kurumiçi kullanım / Not for loan-For inhouse use | Genel Koleksiyon | Tıp Fakültesi Medikal Kütüphane | Tıp Fakültesi Medikal Kütüphane | Genel Koleksiyon / Main Collection | 18/03/2026 | Bağış / Donation | İDE | PS3553.O633 P7 1970 TıpFaK | 13/04/2026 | 1 | 13/04/2026 | Book | Donated by Prof. Dr. Şükrü Cin |
